000 00259nam a22001097a 4500
082 _a150/TRI
100 _aTrivedi, Deep
_982820
245 _aTHE BLACK BOOK OF SOUL
260 _aMumbai
_bAATMAN innovation pvt ltd
_c2020
650 _aPhilosophy
942 _cBK
999 _c67544
_d67544